Imágenes de lo no escolar (Registro nro. 3272)

Detalles MARC
000 -LEADER
fixed length control field 01198 a2200241 4500
001 - CONTROL NUMBER
control field 40622
005 - DATE AND TIME OF LATEST TRANSACTION
control field 20260407155702.0
008 - FIXED-LENGTH DATA ELEMENTS--GENERAL INFORMATION
fixed length control field 260407a2011 arg spa d
003 - CONTROL NUMBER IDENTIFIER
control field AR-UNSa-BCEJYS
040 ## - CATALOGING SOURCE
Original cataloging agency AR-UNSa-BCEJYS
Language of cataloging spa
Transcribing agency AR-UNSa-BCEJYS
080 ## - UNIVERSAL DECIMAL CLASSIFICATION NUMBER
Universal Decimal Classification number 37.015.4
Common auxiliary subdivision Sociología de la educación
020 ## - INTERNATIONAL STANDARD BOOK NUMBER
International Standard Book Number 978-950-12-4566-0
041 ## - LANGUAGE CODE
Language code of text/sound track or separate title spa
100 1# - MAIN ENTRY--PERSONAL NAME
Personal name Sztulwark, Diego
245 10 - TITLE STATEMENT
Title Imágenes de lo no escolar
Name of part/section of a work en la escuela y más allá
264 #1 - PRODUCTION, PUBLICATION, DISTRIBUTION, MANUFACTURE, AND COPYRIGHT NOTICE
Place of production, publication, distribution, manufacture Buenos Aires :
Name of producer, publisher, distributor, manufacturer Paidós
Date of production, publication, distribution, manufacture, or copyright notice 2011
300 ## - PHYSICAL DESCRIPTION
Extent 161 p.
Dimensions 21 cm.
505 ## - FORMATTED CONTENTS NOTE
Formatted contents note 1. Itinerarios de una investigación - 2. Existencias a la deriva - 3. Imágenes sobre lo no escolar - 4. Perforar la obviedad. Conversación con Santiago López Petit - 5. Políticas de la percepción. Conversación con Peter Pál Pelbart - 6. La de-mora que piensa. Sobre la potencia de los "pasillos". Conversación con Marcelo Percia - 7. Formas de lo no escolar. Una entrevista a Silvia Duschatzky y Diego Sztulwark - 8. Tan raro...que puede ser
590 ## - LOCAL NOTE (RLIN)
Local note niveau_biblio:m niveau_hierar:0
700 1# - ADDED ENTRY--PERSONAL NAME
Personal name Duschatzky, Silvia
856 41 - ELECTRONIC LOCATION AND ACCESS
Uniform Resource Identifier <a href="https://biblioeco.unsa.edu.ar/pmb/images/libros/L126213.jpg">https://biblioeco.unsa.edu.ar/pmb/images/libros/L126213.jpg</a>
Link text Imagen de portada
Electronic format type image/jpeg
942 ## - ADDED ENTRY ELEMENTS (KOHA)
Koha item type
Existencias
Withdrawn status Lost status Damaged status Not for loan Home library Current library Shelving location Date acquired Total checkouts Full call number Barcode Date last seen Price effective from Koha item type
        Biblioteca Prof. Eusebio Cleto del Rey Biblioteca Prof. Eusebio Cleto del Rey   07/04/2026   P37.015.4 D971 L126213 07/04/2026 07/04/2026 Libro
        Biblioteca Prof. Eusebio Cleto del Rey Biblioteca Prof. Eusebio Cleto del Rey   07/04/2026   P37.015.4 D971 L126214 07/04/2026 07/04/2026 Libro